000 00545nam a22001817a 4500
003 OSt
005 20140311163158.0
008 121212t xxu||||| |||| 00| 0 eng d
020 _a971080247x
050 _aPE 1115
_b.B352 1982
100 _aBautista, Ma. Lourdes S.
_930733
245 _aEnglish for specific purposes :
_cMa. Lourdes S. Bautista.
_barts and sciences. /
260 _aManila :
_bNational Book Store,
_c1982.
300 _a226 p. :
_c23 cm.
650 _aEnglish
_xArts
_xSciences
_930734
942 _2lcc
_cBK-TR
999 _c42435
_d42435